000 00438nam a22001457a 4500
005 20250603175342.0
008 250603b |||||||| |||| 00| 0 eng d
020 _a9789988249489
050 _aBV 2100
_b.W26
100 _aWALLS, ANDREW F.
245 _aTHE MISSIONARY MOVEMENT IN CHRISTIAN HISTORY
_bStudies in the Transmission of Faith
260 _aAKROPONG-AKUAPEM
_bREGNUM AFRICA
_cc1988
300 _axix.; 266p,;
942 _2lcc
_cBK
_n0
999 _c6238
_d6238